| 000 | 00457nam a2200169 i 4500 | ||
|---|---|---|---|
| 001 | 85677 | ||
| 003 | ES-MaACL | ||
| 005 | 20250926063053.0 | ||
| 007 | t| | ||
| 008 | 041130s1921 gw ||||1| ger d | ||
| 100 | 1 |
_aJung, Carl G., _d1875-1961 _967282 |
|
| 245 | 1 | 0 |
_aPsychologische typen / _cvon C.G. Jung. |
| 260 |
_aZurich : _b[s.n., _c1921] ( _fRascher) |
||
| 300 |
_a724 p. ; _c21 cm. |
||
| 852 |
_aES-MaACL _jA-3294 |
||
| 999 |
_c85677 _d85677 |
||